[Event "Chess24 Banter Blitz Cup"]
[Site "chess24.com INT"]
[Date "2020.01.08"]
[Round "2.10"]
[White "Meier, Georg"]
[Black "Maghsoodloo, Parham"]
[Result "1-0"]
[WhiteElo "2628"]
[BlackElo "2664"]
[PlyCount "109"]
[EventDate "2019.09.25"]
[EventType "k.o. (blitz)"]
[EventRounds "7"]
[EventCountry "USA"]
[SourceTitle "CBM 195 Extra"]
[Source "ChessBase"]
[SourceDate "2020.05.31"]
[SourceVersion "1"]
[SourceVersionDate "2020.05.31"]
[SourceQuality "1"]

1. Nf3 d5 2. g3 c6 3. Bg2 Bg4 4. h3 Bh5 5. c4 e6 6. O-O Nd7 7. d3 ({RR} 7. Qb3 Qb6 8. Qc2 dxc4 9. g4 Bg6 10. Qxc4 Bd6 11. Nc3 Ne7 12. d4 Qb4 13. Qxb4 Bxb4 14. a3 Bxc3 15. bxc3 Be4 16. Nd2 Bxg2 17. Kxg2 O-O 18. e4 c5 19. Nc4 cxd4 20. cxd4 Nb6 21. Nxb6 axb6 {Bu,X (2718)-Yu,Y (2759) Ningbo 2018 ½-½ (53)}) ({RR} 7. cxd5 exd5 8. d3 Ngf6 9. Nc3 Bd6 10. e4 O-O 11. exd5 cxd5 12. g4 Bg6 13. Nh4 Nc5 14. Nxg6 hxg6 15. g5 Nh5 16. Nxd5 Ne6 17. Qg4 Bc5 18. Re1 Qd6 19. Bd2 a6 20. Rac1 Rfe8 21. b4 Ba7 {Meier,G (2628)-Sanchez Enriquez,O (2342) Chess.com INT 2021 1-0 (42)}) 7... dxc4 ({RR} 7... Bd6 8. Nc3 Ne7 9. cxd5 exd5 10. e4 O-O 11. g4 Bg6 12. Nh4 d4 13. Ne2 c5 14. e5 Nxe5 15. f4 Nxd3 16. Nxg6 Nxc1 17. Nxe7+ Qxe7 18. Nxc1 Rac8 19. Kh1 Rfe8 20. b3 b5 21. a4 a6 22. axb5 {Poormosavi,S (2384)-Ivlev,A (2315) Moscow RUS 2024 1-0 (39)}) 8. dxc4 Ngf6 9. Nc3 Bc5 $146 ({RR} 9... Be7 10. Bf4 h6 11. Qc1 g5 12. Be3 Qc7 13. Rd1 Rd8 14. Nd4 Bg6 15. Nb3 Kf8 16. Bd4 Kg7 17. c5 Rhe8 18. e4 e5 19. Be3 Nf8 20. Qc2 Ne6 21. Qe2 Rxd1+ 22. Rxd1 Rd8 23. Rxd8 Qxd8 24. Qc4 {Gelfand,B (2678)-Grischuk,A (2745) Astana KAZ 2023 ½-½}) 10. Bf4 Bxf3 11. Bxf3 e5 12. Bd2 O-O 13. Qc2 Qe7 14. Rfd1 Qe6 15. Bg2 Qxc4 16. Rac1 Qe6 17. e3 Rfd8 18. a3 a6 19. b4 Be7 20. Na4 e4 21. Bc3 b5 22. Bxf6 Nxf6 23. Nc3 Rxd1+ 24. Rxd1 a5 25. Nxe4 axb4 26. Nxf6+ Qxf6 27. axb4 Bxb4 28. Qxc6 Qxc6 29. Bxc6 Rb8 30. Rd5 Bc3 31. Bxb5 Kf8 32. Bc4 Bf6 33. Rd7 Be7 34. Kg2 h5 35. h4 g6 36. Ra7 Rc8 37. Bd5 Rd8 38. e4 Rc8 39. Ra2 Rc3 40. f4 Bc5 41. Rb2 Bd4 42. Rd2 Be3 43. Re2 Bc5 44. e5 Rd3 45. Bc6 Rc3 46. Ra2 Bf2 47. Bf3 Be1 48. Re2 Rc1 49. Bd5 Kg7 50. e6 fxe6 51. Rxe6 Bc3 52. Re7+ Kh6 53. Bg8 Bg7 54. Re6 Rc7 55. f5 1-0

[Event "Chess24 Banter Blitz Cup"]
[Site "chess24.com INT"]
[Date "2020.01.04"]
[Round "2.12"]
[White "Narayanan, Sunilduth Lyna"]
[Black "Amin, Bassem"]
[Result "1-0"]
[WhiteElo "2611"]
[BlackElo "2699"]
[PlyCount "59"]
[EventDate "2019.09.25"]
[EventType "k.o. (blitz)"]
[EventRounds "7"]
[EventCountry "USA"]
[SourceTitle "CBM 194 Extra"]
[Source "ChessBase"]
[SourceDate "2020.03.31"]
[SourceVersion "1"]
[SourceVersionDate "2020.03.31"]
[SourceQuality "1"]

1. Nf3 f5 2. d3 d6 3. e4 e5 4. Nc3 Nf6 5. exf5 Nc6 ({RR} 5... Bxf5 6. d4 e4 7. Nh4 Bd7 8. Bg5 Be7 9. Qe2 O-O 10. O-O-O Ng4 11. Bxe7 Qxe7 12. Nf3 Nc6 13. Nxe4 Rae8 14. Re1 Kh8 15. h3 Qxe4 16. hxg4 Qf4+ 17. Qd2 Rxe1+ 18. Nxe1 Qxd2+ 19. Kxd2 Rxf2+ 20. Ke3 {Demidov,M (2551)-Bortnyk,O (2604) Chess.com INT 2021 0-1}) ({RR} 5... Bxf5 6. Qe2 Be7 7. d4 e4 8. Ng5 O-O 9. Ngxe4 Nc6 10. Nxf6+ Bxf6 11. Be3 a5 12. a3 Qd7 13. Qd2 Rae8 14. Be2 d5 15. O-O Re6 16. Bf3 Ne7 17. Ne2 Ra6 18. Rac1 Bg4 19. Bxg4 Qxg4 20. Ng3 {Cummings,N (1995)-Perrin,B (1744) Wellington NZL 2023 ½-½ (52)}) 6. d4 e4 7. Ng5 $146 ({RR} 7. Nh4 d5 8. Be2 Be7 9. Bg5 O-O 10. g3 Ne8 11. Bxe7 Nxe7 12. g4 c6 13. Qd2 b5 14. O-O-O Nd6 15. Rde1 a5 16. f3 exf3 17. Bxf3 Nc4 18. Qg5 Ra7 19. Ng2 Qd6 20. Nd1 h6 21. Qf4 Qxf4+ {Troeger,P-Weidemann,J Germany SouthWest 1976 0-1 (44)}) 7... d5 8. Bb5 Bxf5 9. f3 Bb4 10. fxe4 Nxe4 11. O-O O-O 12. Ncxe4 Bxe4 13. c3 Be7 14. Nxe4 dxe4 15. Qb3+ Kh8 16. Be3 Bd6 17. Rxf8+ Qxf8 18. Rf1 Qe7 19. Qd5 Qh4 20. h3 Qg3 21. Qxe4 Qh2+ 22. Kf2 Ne7 23. Bd3 Ng6 24. Ke2 c6 25. Rf5 Rf8 26. Rh5 Rf6 27. Bg5 Re6 28. Qxe6 Qxg2+ 29. Kd1 Qf3+ 30. Qe2 1-0

[Event "Chess24 Banter Blitz Cup"]
[Site "chess24.com INT"]
[Date "2020.01.08"]
[Round "2.12"]
[White "Cori, Jorge Moise"]
[Black "Idani, Pouya"]
[Result "1-0"]
[WhiteElo "2671"]
[BlackElo "2568"]
[PlyCount "137"]
[EventDate "2019.09.25"]
[EventType "k.o. (blitz)"]
[EventRounds "7"]
[EventCountry "USA"]
[SourceTitle "CBM 195 Extra"]
[Source "ChessBase"]
[SourceDate "2020.05.31"]
[SourceVersion "1"]
[SourceVersionDate "2020.05.31"]
[SourceQuality "1"]

1. d4 Nf6 2. Nf3 d5 3. c3 c5 4. g3 Nc6 ({RR} 4... Bf5 5. Bg2 e6 6. O-O Nc6 7. c4 dxc4 8. Qa4 Rc8 9. Be3 Ng4 10. Nc3 Nxe3 11. fxe3 Qa5 12. Qxc4 Qb4 13. Qxb4 cxb4 14. Nb1 Be7 15. Nbd2 O-O 16. Rac1 Rfd8 17. Kf2 Bg6 18. h4 f6 19. Nb3 {Boric,M (2377)-Zvjaginsev,V (2664) Plovdiv 2010 0-1}) 5. Bg2 cxd4 ({RR} 5... Bf5 6. O-O e6 7. Qb3 Qb6 8. Nbd2 Qxb3 9. Nxb3 c4 10. Nbd2 b5 11. Ne5 Nxe5 12. dxe5 Nd7 13. Nf3 Bc5 14. b4 Bb6 15. a4 bxa4 16. Rxa4 O-O 17. Bg5 f6 18. exf6 gxf6 19. Bh6 Rfd8 20. Rfa1 {Liu,Z (2400)-Alexanian,N (1947) chess.com INT 2025 0-1 (40)}) 6. Nxd4 g6 $146 ({RR} 6... e5 7. Nxc6 bxc6 8. O-O Be7 9. b3 O-O 10. Bb2 a5 11. Nd2 a4 12. c4 d4 13. Bxc6 Bh3 14. Bg2 Bxg2 15. Kxg2 a3 16. Bc1 e4 17. f3 e3 18. Ne4 Nxe4 19. fxe4 Bb4 20. Qd3 Ra6 21. Rb1 {Arnold,K-Lizak,P (2415) chess.com INT 2023 0-1 (32)}) 7. O-O Bg7 8. Nd2 O-O 9. N2f3 Ne4 10. Be3 e5 11. Nxc6 bxc6 12. Qc1 Re8 13. Bh6 Bh8 14. Ng5 Nd6 15. Rd1 Nf5 16. Nf3 Nxh6 17. Qxh6 Bg7 18. Qg5 Qb6 19. Qd2 e4 20. Nd4 c5 21. Nb3 Bb7 22. e3 a5 23. Nc1 a4 24. Rb1 Bc6 25. Ne2 Red8 26. h4 Be5 27. b3 axb3 28. axb3 Qa7 29. b4 Bb5 30. bxc5 Bxe2 31. Qxe2 Qxc5 32. Rb5 Qc6 33. c4 Rac8 34. Rbxd5 Rxd5 35. cxd5 Qa4 36. Qg4 f5 37. Qe2 Rd8 38. Bf1 Kg7 39. Qd2 Rd6 40. Rb1 h5 41. Rb7+ Rd7 42. Rxd7+ Qxd7 43. Kg2 Qd6 44. Qa5 Bf6 45. Qa7+ Qe7 46. Qb6 Be5 47. Qc6 Bd6 48. Be2 Qe5 49. Qd7+ Qe7 50. Qc8 Qe5 51. Qb7+ Kh6 52. Qf7 Qe7 53. Qg8 Qg7 54. Qc8 Qe7 55. Bb5 Kg7 56. Bd7 Be5 57. Be6 Bd6 58. Qg8+ Kf6 59. Qh8+ Qg7 60. Qd8+ Qe7 61. Qg8 Qg7 62. Qa8 Qe7 63. Qa1+ Be5 64. Qa2 Bd6 65. Qe2 Be5 66. Qb5 Qd6 67. Qc6 Qe7 68. Qc4 Qd6 69. Bf7 1-0

[Event "Chess24 Banter Blitz Cup"]
[Site "chess24.com INT"]
[Date "2019.12.23"]
[Round "2.15"]
[White "Abasov, Nijat Azad"]
[Black "Lagarde, Maxime"]
[Result "1-0"]
[WhiteElo "2632"]
[BlackElo "2657"]
[PlyCount "91"]
[EventDate "2019.09.25"]
[EventType "k.o. (blitz)"]
[EventRounds "7"]
[EventCountry "USA"]
[SourceTitle "CBM 194 Extra"]
[Source "ChessBase"]
[SourceDate "2020.03.31"]
[SourceVersion "1"]
[SourceVersionDate "2020.03.31"]
[SourceQuality "1"]

1. Nf3 f5 2. d3 Nf6 3. e4 d6 4. Nc3 e5 5. d4 fxe4 6. dxe5 exf3 7. exf6 Qxf6 8. gxf3 $146 ({RR} 8. Nd5 Qe5+ 9. Be3 Kd8 10. Qxf3 c6 11. Nc3 Be7 12. O-O-O Rf8 13. Qe2 Kc7 14. g3 Na6 15. Bg2 Rd8 16. Rhe1 Bf6 17. a3 Be6 18. Qd2 Qf5 19. Bf4 Be5 20. Nb5+ cxb5 21. Bxe5 dxe5 22. Qa5+ b6 {Cordova,E (2572)-Rodriguez Garcia,V (2383) Barcelona 2012 1-0 (46)}) ({RR} 8. Qxf3 Qxf3 9. gxf3 c6 10. Bg5 h6 11. Bh4 Bf5 12. O-O-O Nd7 13. Bd3 Bxd3 14. Rhe1+ Kf7 15. Rxd3 Nc5 16. Rde3 d5 17. b4 d4 18. R3e2 dxc3 19. bxc5 Bxc5 20. Re5 Ba3+ 21. Kb1 Rhe8 22. f4 Bd6 {Jiganchine,R (2205)-Kazmaier,D (2180) chess.com INT 2024 0-1 (68)}) ({RR} 8. Nd5 Qe5+ 9. Be3 fxg2 10. Bxg2 Kd8 11. O-O Nc6 12. Re1 Qf5 13. Qe2 Bd7 14. b4 Ne5 15. Bd4 c6 16. Ne3 Qf4 17. Rad1 h5 18. Bxe5 Qxe5 19. Qd3 Qg5 20. Nc4 Rh6 21. Ne5 Rf6 22. b5 Rc8 {Zapata Ferrada,M (2378)-Rodriguez Vila,A (2522) Buenos Aires 2010 0-1 (57)}) 8... c6 9. Be3 d5 10. Qd2 Bd6 11. O-O-O O-O 12. Nxd5 cxd5 13. Qxd5+ Be6 14. Qxd6 Nc6 15. Bd3 Rad8 16. Qa3 Qxf3 17. Rhg1 Rd7 18. Qc3 Qf6 19. Qxf6 Rxf6 20. Be4 Kf7 21. Rxd7+ Bxd7 22. c4 Bf5 23. Bd5+ Be6 24. Bxe6+ Rxe6 25. Kc2 h5 26. Kc3 g6 27. b4 Ne5 28. h3 a6 29. a4 Re7 30. Rd1 Rd7 31. Rxd7+ Nxd7 32. Kd4 Ke6 33. c5 Ne5 34. b5 axb5 35. axb5 Nf3+ 36. Ke4 Ne5 37. Bf4 Nd7 38. Kd4 Nf6 39. c6 bxc6 40. b6 Nd7 41. b7 Kf5 42. b8=Q Nxb8 43. Bxb8 g5 44. Bc7 h4 45. f3 Ke6 46. Kc5 1-0

[Event "Chess24 Banter Blitz Cup"]
[Site "chess24.com INT"]
[Date "2020.01.04"]
[Round "2.15"]
[White "Gordievsky, Dmitry"]
[Black "Anton Guijarro, David"]
[Result "1-0"]
[WhiteElo "2579"]
[BlackElo "2674"]
[PlyCount "117"]
[EventDate "2019.09.25"]
[EventType "k.o. (blitz)"]
[EventRounds "7"]
[EventCountry "USA"]
[SourceTitle "CBM 195 Extra"]
[Source "ChessBase"]
[SourceDate "2020.05.31"]
[SourceVersion "1"]
[SourceVersionDate "2020.05.31"]
[SourceQuality "1"]

1. d3 d5 2. Nf3 Nc6 3. Bf4 Bg4 ({RR} 3... e6 4. e3 Bd6 5. d4 Bxf4 6. exf4 Qd6 7. Qd2 Nf6 8. c3 Ne4 9. Qe3 Ne7 10. Bd3 Nf5 11. Qc1 c5 12. dxc5 Nxc5 13. Bxf5 exf5 14. O-O O-O 15. Rd1 Ne6 16. g3 Bd7 17. Na3 Rac8 18. Nc2 {Grischuk,A (2759)-Anand,V (2756) Amsterdam 2019 1-0 (54)}) ({RR} 3... f6 4. e3 e5 5. Bg3 Bd6 6. Nbd2 Bg4 7. Be2 e4 8. Bxd6 Qxd6 9. dxe4 dxe4 10. Nxe4 Qxd1+ 11. Rxd1 Rd8 12. Rxd8+ Nxd8 13. O-O f5 14. Nc5 Nf6 15. h3 Bxf3 16. Bxf3 b6 17. Na6 c5 18. Rd1 {Kilius,A (1395)-Mras,R (1354) Playchess.com INT 2020 1-0 (52)}) 4. Nbd2 e6 $146 ({RR} 4... Nf6 5. c3 e6 6. Qb3 Na5 7. Qa4+ Nc6 8. Ne5 Bd6 9. Nxg4 Nxg4 10. Bxd6 Nxf2 11. Kxf2 Qxd6 12. g3 O-O-O 13. Bg2 f5 14. Rhf1 Rhf8 15. Kg1 h5 16. Qf4 e5 17. Qg5 Qc5+ 18. Kh1 {1-0 (18) Munoz de la Orden,D (2029)-Grifell Sola,J (1874) Barcelona 2012}) 5. Bg3 Nf6 6. e4 dxe4 7. dxe4 Nh5 8. Bb5 Nxg3 9. hxg3 Bc5 10. c3 O-O 11. Bxc6 bxc6 12. Qc2 Qf6 13. e5 Qg6 14. Qxg6 hxg6 15. Rh4 Bxf3 16. Nxf3 Be7 17. Rc4 c5 18. Rd1 Rfd8 19. Rxd8+ Rxd8 20. Ra4 Ra8 21. Ra6 Kf8 22. Nd2 Ke8 23. Ke2 Kd7 24. Ne4 Kc8 25. Ra5 c4 26. Nd2 a6 27. Nxc4 Kb7 28. Nd2 Rh8 29. Ra4 Rh1 30. Rf4 f5 31. exf6 gxf6 32. Rd4 Kc6 33. g4 Ra1 34. Ra4 Kb7 35. Ne4 Rb1 36. b3 Rb2+ 37. Nd2 Rc2 38. Kd3 Rc1 39. Rd4 Kc6 40. Rc4+ Kb7 41. Re4 e5 42. f4 Bd6 43. f5 g5 44. Re2 Rd1 45. Kc2 Rg1 46. Ne4 Be7 47. Kd3 Kc6 48. Kc4 Rf1 49. g3 Ra1 50. a4 Rc1 51. b4 Ra1 52. b5+ Kb6 53. bxa6 Rxa4+ 54. Kd5 c6+ 55. Ke6 Bd8 56. Nxf6 Bxf6 57. Kxf6 Rxg4 58. Re3 e4 59. Kg6 1-0

[Event "Chess24 Banter Blitz Cup"]
[Site "chess24.com INT"]
[Date "2020.01.04"]
[Round "2.15"]
[White "Meier, Georg"]
[Black "Maghsoodloo, Parham"]
[Result "1-0"]
[WhiteElo "2628"]
[BlackElo "2664"]
[PlyCount "147"]
[EventDate "2019.09.25"]
[EventType "k.o. (blitz)"]
[EventRounds "7"]
[EventCountry "USA"]
[SourceTitle "CBM 195 Extra"]
[Source "ChessBase"]
[SourceDate "2020.05.31"]
[SourceVersion "1"]
[SourceVersionDate "2020.05.31"]
[SourceQuality "1"]

1. Nf3 b6 2. g3 Bb7 3. Bg2 g6 4. c4 Bg7 5. Nc3 e6 6. O-O Ne7 7. d4 O-O 8. Bf4 d6 9. Qd2 Nd7 10. Bh6 a6 11. Bxg7 $146 ({RR} 11. Rac1 Qc8 12. Rfd1 Nf6 13. Bxg7 Kxg7 14. Qd3 Bc6 15. e4 b5 16. e5 dxe5 17. dxe5 Nd7 18. cxb5 axb5 19. a3 Qb7 20. Qe2 Rfd8 21. h4 h6 22. h5 g5 23. Ne1 Bxg2 24. Nxg2 b4 25. axb4 Qxb4 {Zavortink,M (2135)-Harsh,S (2239) chess.com INT 2023 ½-½ (66)}) 11... Kxg7 12. e4 e5 13. Rfe1 Ng8 14. Rad1 Ngf6 15. b3 Re8 16. Nd5 exd4 17. Nxd4 c5 18. Nc2 Bxd5 19. cxd5 b5 20. f4 Qb6 21. Bf3 c4+ 22. Qd4 Rac8 23. Qxb6 Nxb6 24. Nd4 c3 25. Nc6 a5 26. Nxa5 Ra8 27. b4 Nfd7 28. a3 Rac8 29. Kf2 h5 30. Rc1 Na4 31. Re3 Nf6 32. Nc6 Ng4+ 33. Bxg4 hxg4 34. e5 dxe5 35. fxe5 Nb6 36. Rd3 c2 37. Rxc2 Rxe5 38. Rc5 Rf5+ 39. Kg2 Re8 40. Rc2 Nxd5 41. Nd4 Rfe5 42. Kf2 Nf6 43. Re2 Ne4+ 44. Kg2 Rd5 45. Ree3 f5 46. Ne6+ Rxe6 47. Rxd5 Rc6 48. Re2 Kf6 49. Rxb5 Nc3 50. Rbe5 Nxe2 51. Rxe2 Rc3 52. Ra2 Rb3 53. Kf2 Ke5 54. Ke2 g5 55. Kd2 f4 56. Ke2 f3+ 57. Kf2 Kd4 58. a4 Rxb4 59. a5 Rb8 60. a6 Ra8 61. h3 gxh3 62. Kxf3 h2 63. Rxh2 Rxa6 64. Kg4 Ra5 65. Re2 Kd3 66. Re8 Rb5 67. Re7 Rd5 68. Re6 Kd4 69. Rf6 Kd3 70. Rf5 Rd4+ 71. Kxg5 Ke3 72. g4 Rd3 73. Rf6 Ke4 74. Re6+ 1-0

[Event "Chess24 Banter Blitz Cup"]
[Site "chess24.com INT"]
[Date "2020.01.08"]
[Round "2.20"]
[White "Chigaev, Maksim"]
[Black "Lenderman, Aleksandr"]
[Result "1-0"]
[WhiteElo "2644"]
[BlackElo "2648"]
[PlyCount "75"]
[EventDate "2019.09.25"]
[EventType "k.o. (blitz)"]
[EventRounds "7"]
[EventCountry "USA"]
[SourceTitle "CBM 194 Extra"]
[Source "ChessBase"]
[SourceDate "2020.03.31"]
[SourceVersion "1"]
[SourceVersionDate "2020.03.31"]
[SourceQuality "1"]

1. Nf3 c5 2. g3 g6 3. Bg2 Bg7 4. O-O Nc6 5. e4 d6 6. d3 Nf6 7. h3 O-O 8. Re1 Rb8 ({RR} 8... e5 9. Nc3 Rb8 10. a4 a6 11. Bg5 h6 12. Be3 b5 13. axb5 axb5 14. Qd2 Kh7 15. b3 b4 16. Na4 Bb7 17. Nb2 Qe7 18. Nc4 Ra8 19. Nb6 Rxa1 20. Rxa1 Qc7 21. Nc4 Ra8 22. Rxa8 Bxa8 23. Qc1 {Adan Bermudez,S (2304)-Petriashvili,N (2463) chess.com INT 2024 ½-½ (37)}) 9. a4 a6 10. Nc3 Nd7 11. Be3 $146 ({RR} 11. Ne2 b5 12. axb5 axb5 13. c3 b4 14. d4 bxc3 15. bxc3 cxd4 16. cxd4 Nc5 17. dxc5 Bxa1 18. Qa4 Qa5 19. Qxc6 Be6 20. Bd2 Qa7 21. e5 d5 22. Bc3 Rfc8 23. Qxc8+ Rxc8 24. Bxa1 Qxc5 25. Bd4 Qb5 {Szalai,K (2413)-Mladenovic,S (2236) Arad 2012 1-0 (43)}) 11... b5 12. axb5 axb5 13. d4 b4 14. Ne2 cxd4 15. Nexd4 Bb7 16. Nxc6 Bxc6 17. Nd4 Bb7 18. Qd2 Nc5 19. Bh6 Bxh6 20. Qxh6 Qb6 21. b3 Ra8 22. Rad1 Ra2 23. h4 Rc8 24. h5 Qd8 25. hxg6 hxg6 26. e5 Bxg2 27. Kxg2 Qf8 28. Qh3 dxe5 29. Rh1 Kg7 30. Qh7+ Kf6 31. Nf3 Qg7 32. Qh4+ g5 33. Qg4 e6 34. Nxe5 Rxc2 35. Qd4 Ke7 36. Nc6+ Ke8 37. Qd8+ Rxd8 38. Rxd8# 1-0

[Event "Chess24 Banter Blitz Cup"]
[Site "chess24.com INT"]
[Date "2020.03.01"]
[Round "3.1"]
[White "Meier, Georg"]
[Black "Kovalenko, Igor"]
[Result "1-0"]
[WhiteElo "2628"]
[BlackElo "2674"]
[PlyCount "107"]
[EventDate "2019.09.25"]
[EventType "k.o. (blitz)"]
[EventRounds "7"]
[EventCountry "USA"]
[SourceTitle "CBM 195 Extra"]
[Source "ChessBase"]
[SourceDate "2020.05.31"]
[SourceVersion "1"]
[SourceVersionDate "2020.05.31"]
[SourceQuality "1"]

1. Nf3 d5 2. g3 c6 3. Bg2 Bg4 4. h3 Bxf3 5. Bxf3 Nd7 6. d3 e6 ({RR} 6... Ngf6 7. e4 dxe4 8. dxe4 e5 9. O-O Be7 10. Qe2 O-O 11. a4 Nc5 12. Nd2 Qc7 13. h4 Rfd8 14. Kg2 h6 15. Ra2 Rab8 16. a5 b5 17. axb6 axb6 18. b4 Ne6 19. c3 b5 20. Nb3 c5 21. Bd2 {Ding,L (2777)-Malakhov,V (2695) China 2016 ½-½}) 7. Nd2 ({RR} 7. Bg2 Bd6 8. a4 a5 9. e4 Ne7 10. Nd2 O-O 11. Qe2 Qc7 12. d4 Qb6 13. c3 Qa6 14. Qxa6 Rxa6 15. O-O dxe4 16. Nxe4 Bc7 17. h4 Nd5 18. Re1 Raa8 19. h5 h6 20. f4 N5f6 21. Bf3 Nxe4 {Cordova,E (2514)-Wang,T (2355) Richardson USA 2025 ½-½ (60)}) 7... Bc5 ({RR} 7... Bd6 8. Bg2 Ngf6 9. e3 Qe7 10. Qe2 h5 11. a3 O-O-O 12. b4 Nb6 13. Rb1 Na4 14. Rb3 Bc7 15. Nf3 e5 16. Bd2 e4 17. Nh4 Qe6 18. Bf1 g5 19. Ng2 exd3 20. cxd3 d4 21. Qd1 dxe3 22. Nxe3 {Meier,G (2628)-Duda,J (2734) chess24.com INT 2020 1-0 (58)}) 8. c4 $146 ({RR} 8. Bg2 Ne7 9. e4 O-O 10. O-O a5 11. a4 Ba7 12. Kh1 Nc5 13. b3 f5 14. exd5 Nxd5 15. Bb2 Nd7 16. Nc4 Qg5 17. Qf3 f4 18. Rae1 {½-½ (18) Murshed,N (2520)-Rahman,Z (2445) Dhaka 1995}) 8... Ne7 9. Qc2 Rc8 10. O-O a6 11. e3 O-O 12. Bg2 Ba7 13. b4 Nf5 14. Nb3 Re8 15. c5 e5 16. e4 dxe4 17. dxe4 Nd4 18. Nxd4 exd4 19. Bb2 a5 20. a3 Ne5 21. Rad1 d3 22. Qc3 f6 23. f4 Nf7 24. Rxd3 Qe7 25. Rfd1 Rc7 26. Qc4 b6 27. Kh2 axb4 28. cxb6 Bxb6 29. axb4 h5 30. e5 fxe5 31. Bxe5 Ra7 32. Qxc6 Bf2 33. Rd7 Rxd7 34. Rxd7 Qxb4 35. Bd5 Bxg3+ 36. Kxg3 Qe1+ 37. Kh2 Qe2+ 38. Bg2 Rxe5 39. fxe5 Qxe5+ 40. Kh1 Qe1+ 41. Kh2 Qe5+ 42. Kg1 Qe1+ 43. Bf1 Qe3+ 44. Kh1 Ne5 45. Qd5+ Kh7 46. Re7 Qf4 47. Qg2 Nf3 48. Re3 Nh4 49. Bd3+ g6 50. Qe2 Qd6 51. Re7+ Kh6 52. Qe3+ g5 53. Re6+ Qxe6 54. Qxe6+ 1-0

[Event "Chess24 Banter Blitz Cup"]
[Site "chess24.com INT"]
[Date "2020.02.06"]
[Round "3.12"]
[White "Henriquez Villagra, Cristobal"]
[Black "Donchenko, Alexander"]
[Result "1-0"]
[WhiteElo "2594"]
[BlackElo "2631"]
[PlyCount "81"]
[EventDate "2019.09.25"]
[EventType "k.o. (blitz)"]
[EventRounds "7"]
[EventCountry "USA"]
[SourceTitle "CBM 195 Extra"]
[Source "ChessBase"]
[SourceDate "2020.05.31"]
[SourceVersion "1"]
[SourceVersionDate "2020.05.31"]
[SourceQuality "1"]

1. Nf3 Nf6 2. g3 b5 3. Bg2 Bb7 4. O-O e6 5. d3 c5 6. a4 b4 7. Nbd2 d5 8. e4 Be7 9. exd5 Bxd5 10. Nc4 $146 ({RR} 10. Ne5 Qc7 11. Ndc4 Bxg2 12. Kxg2 Nd5 13. Qf3 O-O 14. Re1 Nc6 15. Nxc6 Qxc6 16. Kg1 Rad8 17. Bf4 Qa6 18. b3 f6 19. Bd2 e5 20. Qe4 g6 21. Rac1 Rf7 22. Re2 Bf8 23. Rce1 Bg7 24. Qg2 Qc8 {Frumson,Y (2284)-Radevich,B (2359) Tula 2004 1-0 (42)}) 10... O-O 11. Bf4 Nc6 12. Ne3 Nd4 13. Nxd5 Nxd5 14. Nxd4 cxd4 15. Bd2 Rc8 16. Re1 Bg5 17. f4 Bf6 18. Bxd5 Qxd5 19. Bxb4 Rfe8 20. Qd2 h5 21. Rac1 h4 22. Qg2 Qd7 23. b3 hxg3 24. hxg3 e5 25. Bd2 Qg4 26. Re4 exf4 27. Bxf4 Rxe4 28. Qxe4 g5 29. Bd2 Qxg3+ 30. Kf1 Be5 31. Qf5 Rc6 32. Qxg5+ Qxg5 33. Bxg5 Bd6 34. Ke2 Ba3 35. Ra1 Bb2 36. Rg1 Rxc2+ 37. Kd1 Rc3 38. Bc1+ Kf8 39. Bxb2 Rxb3 40. Kc2 Rb4 41. Ba3 1-0

[Event "Chess24 Banter Blitz Cup"]
[Site "chess24.com INT"]
[Date "2020.03.07"]
[Round "4.4"]
[White "Anton Guijarro, David"]
[Black "Robson, Ray"]
[Result "1-0"]
[WhiteElo "2674"]
[BlackElo "2670"]
[PlyCount "111"]
[EventDate "2019.09.25"]
[EventType "k.o. (blitz)"]
[EventRounds "7"]
[EventCountry "USA"]
[SourceTitle "CBM 195 Extra"]
[Source "ChessBase"]
[SourceDate "2020.05.31"]
[SourceVersion "1"]
[SourceVersionDate "2020.05.31"]
[SourceQuality "1"]

1. Nf3 d5 2. b3 Bf5 3. Bb2 e6 4. g3 h6 5. Bg2 Nf6 6. d3 Be7 7. O-O O-O 8. Nbd2 c5 9. Re1 Nc6 10. e4 Bh7 11. exd5 ({RR} 11. a3 Rc8 12. h3 a6 13. Qe2 Re8 14. e5 Nd7 15. Nf1 b5 16. Rad1 Qc7 17. N1h2 Red8 18. Ng4 c4 19. dxc4 dxc4 20. bxc4 bxc4 21. Bc1 c3 22. Bf4 Nf8 23. Nf6+ gxf6 24. exf6 Bd6 25. Bxh6 Ng6 {Guseinov,G (2646)-Meier,G (2650) Riadh 2017 1-0 (46)}) ({RR} 11. Qe2 d4 12. h4 e5 13. a4 Qc7 14. Nc4 b6 15. Nh2 a6 16. a5 b5 17. Nb6 Rad8 18. Nd5 Nxd5 19. exd5 Nb4 20. Ng4 f6 21. f4 Nxd5 22. fxe5 fxe5 23. Qxe5 Qxe5 24. Rxe5 h5 25. Bxd5+ Rxd5 {Moldovan,A (2140)-Peed,G (1818) chess.com INT 2025 1-0 (57)}) 11... exd5 12. Ne5 Bd6 $146 ({RR} 12... Re8 13. Qf3 Nd4 14. Bxd4 cxd4 15. Qf4 Bb4 16. Nef3 Qa5 17. a3 Bc3 18. Rad1 Rxe1+ 19. Rxe1 Qxa3 20. Re2 Qc1+ 21. Bf1 Rc8 22. h4 Bg6 23. g4 h5 24. gxh5 Bxh5 25. Kg2 Bxf3+ 26. Kxf3 Bxd2 27. Qf5 {Czebe,A (2411)-Van Wely,L (2654) Rabat 2014 0-1}) 13. Nxc6 bxc6 14. Qf3 Bg6 15. Bxf6 Qxf6 16. Qxf6 gxf6 17. Bh3 Be5 18. Rad1 Bc3 19. Bd7 Bh5 20. f3 Rfd8 21. Bxc6 Rac8 22. Bb5 Rb8 23. Ba4 Kf8 24. Kg2 Rb6 25. Re2 Re6 26. Rxe6 fxe6 27. Nb1 Ba5 28. Nd2 Bc3 29. Nf1 Bg6 30. Ne3 h5 31. f4 Kg7 32. Kf3 e5 33. Bc6 e4+ 34. dxe4 Bxe4+ 35. Ke2 Bd4 36. Bxd5 Bxe3 37. Bxe4 Rxd1 38. Kxd1 Bg1 39. Ke2 Bxh2 40. Kf2 h4 41. gxh4 Bxf4 42. Kf3 Bc1 43. Kg4 Bd2 44. Kf5 Be1 45. h5 Bd2 46. Bf3 a5 47. Ke6 Bb4 48. Kd5 Ba3 49. Kc4 Bb4 50. c3 Ba3 51. Kb5 Bb2 52. Kxa5 Bxc3+ 53. Kb5 Bb4 54. a4 f5 55. a5 Bxa5 56. Kxa5 1-0

[Event "Chess24 Banter Blitz Cup"]
[Site "chess24.com INT"]
[Date "2020.03.28"]
[Round "4.13"]
[White "Meier, Georg"]
[Black "Duda, Jan Krzysztof"]
[Result "1-0"]
[WhiteElo "2628"]
[BlackElo "2734"]
[PlyCount "115"]
[EventDate "2019.09.25"]
[EventType "k.o. (blitz)"]
[EventRounds "7"]
[EventCountry "USA"]
[SourceTitle "CBM 195 Extra"]
[Source "ChessBase"]
[SourceDate "2020.05.31"]
[SourceVersion "1"]
[SourceVersionDate "2020.05.31"]
[SourceQuality "1"]

1. Nf3 d5 2. g3 c6 3. Bg2 Bg4 4. h3 Bxf3 5. Bxf3 Nd7 6. d3 e6 ({RR} 6... Ngf6 7. e4 dxe4 8. dxe4 e5 9. O-O Be7 10. Qe2 O-O 11. a4 Nc5 12. Nd2 Qc7 13. h4 Rfd8 14. Kg2 h6 15. Ra2 Rab8 16. a5 b5 17. axb6 axb6 18. b4 Ne6 19. c3 b5 20. Nb3 c5 21. Bd2 {Ding,L (2777)-Malakhov,V (2695) China 2016 ½-½}) 7. Nd2 ({RR} 7. Bg2 Bd6 8. a4 a5 9. e4 Ne7 10. Nd2 O-O 11. Qe2 Qc7 12. d4 Qb6 13. c3 Qa6 14. Qxa6 Rxa6 15. O-O dxe4 16. Nxe4 Bc7 17. h4 Nd5 18. Re1 Raa8 19. h5 h6 20. f4 N5f6 21. Bf3 Nxe4 {Cordova,E (2514)-Wang,T (2355) Richardson USA 2025 ½-½ (60)}) 7... Bd6 ({RR} 7... Bc5 8. c4 Ne7 9. Qc2 Rc8 10. O-O a6 11. e3 O-O 12. Bg2 Ba7 13. b4 Nf5 14. Nb3 Re8 15. c5 e5 16. e4 dxe4 17. dxe4 Nd4 18. Nxd4 exd4 19. Bb2 a5 20. a3 Ne5 21. Rad1 d3 22. Qc3 {Meier,G (2628)-Kovalenko,I (2674) chess24.com INT 2020 1-0 (54)}) 8. Bg2 Ngf6 $146 ({RR} 8... Qc7 9. e4 Ngf6 10. Qe2 O-O-O 11. f4 Bc5 12. e5 Ng8 13. Nb3 Bb6 14. a4 a6 15. a5 Ba7 16. Be3 Bxe3 17. Qxe3 Ne7 18. O-O Nf5 19. Qf2 h5 20. c4 dxc4 21. dxc4 Nf8 22. Rad1 Ng6 23. h4 {Bawart,M (2325)-Lendwai,R (2385) Oberwart 1997 ½-½}) 9. e3 Qe7 10. Qe2 h5 11. a3 O-O-O 12. b4 Nb6 13. Rb1 Na4 14. Rb3 Bc7 15. Nf3 e5 16. Bd2 e4 17. Nh4 Qe6 18. Bf1 g5 19. Ng2 exd3 20. cxd3 d4 21. Qd1 dxe3 22. Nxe3 Nd5 23. Bg2 Nxe3 24. Bxe3 Bxg3 25. O-O Bc7 26. Re1 g4 27. h4 Rhe8 28. d4 f5 29. d5 cxd5 30. Qc2 Qd6 31. Qxf5+ Kb8 32. Kf1 d4 33. Bd2 Rf8 34. Qe4 Qa6+ 35. b5 Qb6 36. Ba5 Nc5 37. Bxb6 axb6 38. Qb1 d3 39. Rd1 g3 40. Rbxd3 Rxf2+ 41. Kg1 Nxd3 42. Rxd3 Re8 43. Qd1 Rfe2 44. Bf1 Re1 45. Qf3 Be5 46. Kg2 Ka7 47. Re3 Ra1 48. Qxh5 Ra2+ 49. Re2 Rxe2+ 50. Qxe2 Re7 51. Qe4 Bd6 52. Qd5 Bc5 53. Bd3 Re1 54. Be4 Rg1+ 55. Kh3 Rh1+ 56. Bxh1 g2 57. Qxg2 Kb8 58. Qxb7# 1-0